000 00319nam a22001337a 4500
008 181015b xxu||||| |||| 00| 0 eng d
020 _a047026649
041 _aeng
080 _a159.9
100 _a50
101 _apsi
245 _aCognitive Psychology And Information Processing
_cRoy.L
942 _2udc
_cBK
999 _c49795
_d49795